000 00344pab a2200145 454500
008 180718b2003 xxu||||| |||| 00| 0 eng d
100 _aGeorge, J.
245 _aIntriguing prelude to Cancum ministerial
260 _c2003
300 _ap.9-12.
362 _a30 Aug
650 _aInternational trade
773 _aMainstream
909 _a58033
999 _c58033
_d58033